000 00593nam a2200169 a 4500
005 20210219161749.0
008 130522s2001 mx r 000 0 spa d
020 _a968638457X
035 _aUPN01000191262
049 _aUNE
080 4 _a93 (06) (7/8) "1999" MEM No. 4
111 2 _aSimposio panamericano de historia
_n(IV :
_d1999 :
_cSan Jóse, Costa Rica)
245 0 0 _aMemorias del IV simposio panamericano de historia
260 _aMéxico :
_bInstituto panamericano de geografia e historia,
_c2001.
300 _a621 p.
440 0 _aInstituto panamericano de geografia e historia
_v526.
999 _c163365
_d163365